Karty Clash Royale bez samogłosek #1 - Statystyki

Ogólne statystyki
  • Ten quiz został rozwiązany 49 razy
  • Średni wynik to 9 z 11
Statystyki odpowiedzi
Hint Odpowiedź % Poprawnych
NGHT WTCH Night Witch
100%
BNDT Bandit
98%
HNTR Hunter
98%
GLM Golem
91%
WLL BRKRS Wall Breakers
89%
LCTR GNT Electro Giant
78%
HL SPRT Heal Spirit
74%
VD Void
72%
GBLN CG Goblin Cage
70%
BLLN Balloon
67%
MG MNN Mega Minion
63%
Nie znaleziono quizów pasujących do podanych kryteriów
Rozkład punktacji
Procent ludzi z każdym wynikiem
Percentyl według liczby udzielonych odpowiedzi
Twoja historia wyników
Nie rozwiązałeś tego quizu